000 00544cam a2200193ua 4500
001 12177
008 200227n ii |||gr||||Z||||||eng
020 _a9789352534340
040 _cMAIN
082 _a954
100 _aB L Grover,
_eAuthor.
245 _aNew look at modern indian history :
_bFrom 1707 to the modern times /
_cBy B L Grover and Alka Mehta .
250 _a32nd ed.
260 _aNew Delhi:
_bS chand and company,
_c2018.
300 _a582p.
653 _aSouth Asia India
700 _aAlka Mehta,
_eAuthor.
942 _cBK
999 _c10937
_d10937